| 000 | 00514 a2200205 4500 | ||
|---|---|---|---|
| 005 | 20260210105956.0 | ||
| 008 | 260209b |||||||| |||| 00| 0 eng d | ||
| 020 |
_a9789356937499 _cRs. 1098.00 |
||
| 040 | _aMAIN | ||
| 082 |
_a519.5 _bG959F(8) |
||
| 100 | _aGupta, S C | ||
| 245 | _aFundamentals of statistics | ||
| 250 | _a8th | ||
| 260 |
_bHimalaya Publishing House _c2025 _aMumbai |
||
| 300 | _av. | ||
| 650 | _aStatistics | ||
| 650 | _aData Collection | ||
| 700 | _aGupta, Indra, ed. | ||
| 942 | _cBK | ||
| 999 |
_c395584 _d395584 |
||